El Rostro indígena de la Revolución Guatemalteca /
محفوظ في:
| المؤلف الرئيسي: | |
|---|---|
| التنسيق: | نص |
| الموضوعات: | |
| الوسوم: |
إضافة وسم
لا توجد وسوم, كن أول من يضع وسما على هذه التسجيلة!
|
MARC
| LEADER | 00000 a a2200000 04500 | ||
|---|---|---|---|
| 001 | 18028 | ||
| 003 | |||
| 040 | |||
| 100 | |a Ocampo de la Paz, Manuela | ||
| 245 | |a El Rostro indígena de la Revolución Guatemalteca / |c Manuela Ocampo de la Paz | ||
| 650 | |a HEGEMONIA | ||
| 650 | |a ESTADOS UNIDOS | ||
| 650 | |a POBLACION INDIGENA | ||
| 650 | |a CENTROAMERICA | ||
| 773 | |g volumen 5, número 10; páginas 111-114 | ||
| 999 | |c 21325 |d 21325 | ||
| 773 | 0 | |0 42391 |9 3885 |a Agencia Latinoamericana de Información, ALAI |d Quito, Ecuador: ALAI |o 04473 |t ALAI: |x 08275564 (Servicio mensual de información y documentación) | |
